| 000 | 01155nam a22002537a 4500 | ||
|---|---|---|---|
| 005 | 20170124103046.0 | ||
| 010 | _aA-772504 | ||
| 020 |
_c100.00 _a8186121064 |
||
| 035 | _aA-772504 | ||
| 037 | _bCen Lib/Ret | ||
| 040 |
_aDPL _bHN |
||
| 082 |
_aक _bबत्रासु |
||
| 100 |
_aबत्रा, सुदेश _968977 |
||
| 245 |
_aछत और आकाश / _cसुदेश बत्रा _bकहानी-संग्रह / |
||
| 246 |
_aChhat aur aakash : kahani-sangreh / _bby Sudesh Batra |
||
| 260 |
_aजयपुर _bएम्. बी. पब्लिशर्स _c1996 |
||
| 270 |
_a57, नाटाणी भवन, मिश्र राजा जी का रास्ता, चंपोल बाज़ार _bजयपुर _e302001 |
||
| 300 |
_a117पृ. _c21सेमी(सजिल्द ) |
||
| 650 |
_aहिंदी साहित्य _x _z _968978 |
||
| 650 |
_aहिंदी साहित्य--लघु कथाएँ _968979 |
||
| 650 |
_aHindi literature _v _968980 |
||
| 650 |
_aHindi literature--Short Stories _968981 |
||
| 942 |
_2ddc _cHN _hक _mबत्रासु |
||
| 999 |
_c116919 _d116919 |
||